Najczęściej odwiedzane kraje przez Polskę - Statystyki

Ogólne statystyki
  • Ten quiz został rozwiązany 417 razy
  • Średni wynik to 10 z 13
Statystyki odpowiedzi
polska Odpowiedź % Poprawnych
39,3 mln Niemcy
95%
78,7 mln Stany Zjednoczone
91%
83,8 mln Hiszpania
89%
90,2 mln Francja
88%
64,6 mln Włochy
87%
36,9 mln Wielka Brytania
83%
31,2 mln Grecja
79%
52,5 mln Turcja
70%
67,6 mln Chiny
67%
32,1 mln Japonia
65%
31,7 mln Austria
55%
44,9 mln Meksyk
52%
39,7 mln Tajlandia
28%
Nie znaleziono quizów pasujących do podanych kryteriów
Rozkład punktacji
Procent ludzi z każdym wynikiem
Percentyl według liczby udzielonych odpowiedzi
Twoja historia wyników
Nie rozwiązałeś tego quizu